Tribhuvan University Central Library

Manual on the use of the Dewey Decimal Classification. (Record no. 47901)

MARC details
000 -LEADER
fixed length control field 00530 a2200169 4500
082 ## - DEWEY DECIMAL CLASSIFICATION NUMBER
Classification number 025.4
Item number M319
245 ## - TITLE STATEMENT
Title Manual on the use of the Dewey Decimal Classification.
260 ## - PUBLICATION, DISTRIBUTION, ETC.
Place of publication, distribution, etc. New York :
Name of publisher, distributor, etc. A Division of Lake Placid Education Foundation,
Date of publication, distribution, etc. 1982.
300 ## - PHYSICAL DESCRIPTION
Extent xxvii, 551p.
500 ## - GENERAL NOTE
General note Prepared by John P. Comaromi
650 ## - SUBJECT ADDED ENTRY--TOPICAL TERM
Topical term or geographic name entry element Dewey Decimal Classification
9 (RLIN) 2133
650 ## - SUBJECT ADDED ENTRY--TOPICAL TERM
Topical term or geographic name entry element Classification system
9 (RLIN) 2174
650 ## - SUBJECT ADDED ENTRY--TOPICAL TERM
Topical term or geographic name entry element Manual
9 (RLIN) 2135
650 ## - SUBJECT ADDED ENTRY--TOPICAL TERM
Topical term or geographic name entry element Hand books
9 (RLIN) 2175
653 ## - INDEX TERM--UNCONTROLLED
Uncontrolled term Library operations
942 ## - ADDED ENTRY ELEMENTS (KOHA)
Source of classification or shelving scheme Dewey Decimal Classification
Koha item type General Collections
Holdings
Withdrawn status Lost status Source of classification or shelving scheme Damaged status Not for loan Home library Current library Date acquired Total Checkouts Full call number Barcode Date last seen Price effective from Koha item type
    Dewey Decimal Classification     Tribhuvan University Central Library Tribhuvan University Central Library 11/30/2010   025.4 M319 424521 11/30/2010 11/30/2010 General Collections